| 000 | 00565nam a2200193 i 4500 | ||
|---|---|---|---|
| 001 | 38723 | ||
| 003 | ES-MaACL | ||
| 005 | 20250822063116.0 | ||
| 007 | t| | ||
| 008 | 030226s1927 fr ||||1| fre d | ||
| 100 | 1 |
_aCalmette, Joseph, _d1873-1952 _933767 |
|
| 245 | 1 | 3 |
_aLa société feodale / _cpar Joseph Calmette. |
| 250 | _a2ème éd. | ||
| 260 |
_aParis : _b[s.n.], _c1927 ( _eCoulommiers : _fPaul Brodard) |
||
| 300 |
_a216 p. ; _c19 cm. |
||
| 650 | 7 |
_aFeudalismo _2embne _912768 |
|
| 852 |
_aES-MaACL _jF-14566 _bR.12326 |
||
| 999 |
_c38723 _d38723 |
||